000 00321nam a2200121Ia 4500
008 190722s9999 xx 000 0 und d
020 _a978-93-325-6991-1
100 _aBaron, Branscombe
245 0 _aSocial Psychology
260 _aIndia
_bPearson Ed. Ser. Pvt. Ltd. Dorling Kindersley
_c2016
300 _a481
942 _cBK
999 _c571
_d571